000
00301 a2200109 4500
001
ART_41263
005
20260410161741.0
008
260409a
245
1
0
_a
El modelo sindical en crisis
100
1
_a
Slavin, Luis P.
773
0
_t
Doctrina laboral
_g
- NÂș 378 (feb. 2017)
_w
REV4049
999
_c
18803
_d
18803